00336nam a2200133Ia 45000010005000000080041000050200022000460820024000681000034000922450011001262600023001379010027001609990015001873898241024s9999 xx 000 0 und d a978-9945-465-39-6 aRD/863.97293/SL634p aMiriam Slujalkovsky Jiménez 0aPancho bEdiciones CPc2013 a28/1/2015 3:34:22 p.m. c7764d7764